000 01870nam a22002897a 4500
005 20120411115531.0
010 _aENG-105091 B-489320-324
020 _a9788183822183
_c175.00
035 _aEN-88624 B-489320-324
037 _bDBAD/PUB
037 _bAllied Pub/Ven
082 _a618.24
100 _aBatta, Narinder
_955053
245 _aA guide to your pregnancy /
_cby Narinder Batta [and] Sumita Paul
260 _aNew Delhi
_bLotus Press
_c2012
270 _a4735/22,Prakash Deep Building,Ansari Road,Darya Ganj,
_bNew Delhi
_e110002
300 _a124p. :
_c22cm(pbk)
_bill
700 _aPaul, Sumita
_945660
942 _2ddc
_cEN
_mBAT
_h618.24
999 _c65544
_d65544